000 00724nam a2200241Ia 4500
003 OSt
005 20220918201254.0
006 a|||||r|||| 00| 0
007 ta
008 220917b |||||||| |||| 00| 0 eng d
024 _a92,780
037 _cTextual
040 _aARTS
_cARTS
_beng
041 _2eng
_aeng
082 _aV1:5.N, N8
100 _aJanoski Thomas
_918522
245 0 _aCitizenship and Civil society
_b A Framework of rights & obligations in liberal traditional & social democratice regimes
260 _aCambridge
_bCambridge University Press
_c1998
300 _axii, 316p.
_ccm.
650 _aHISTORY
942 _hV1:5.N, N8
_cTEXL
_2CC
999 _c216431
_d216431